Comunidad
Guardat en:
| Autor principal: | |
|---|---|
| Format: | Llibre |
| Idioma: | espanyol |
| Publicat: |
Buenos Aires, Argentina
Hvmanitas
1986
|
| Col·lecció: | Teoría y Práctica del Trabajo Social,
5 |
| Matèries: | |
| Etiquetes: |
Afegir etiqueta
Sense etiquetes, Sigues el primer a etiquetar aquest registre!
|
MARC
| LEADER | 00000nam a2200000 a 4500 | ||
|---|---|---|---|
| 001 | UCR3261 | ||
| 003 | CL-VaPUC | ||
| 005 | 20210616001429.0 | ||
| 008 | 980124e19860118AG |||||||||||||||||spa|d | ||
| 999 | |c 266356 |d 266354 | ||
| 040 | |c Pontificia Universidad Católica de Valparaíso | ||
| 082 | 0 | 4 | |a 361.8 KIS 1986 |2 21 |
| 100 | |a Kisnerman, Natalio |e autor |9 536260 | ||
| 245 | 1 | 0 | |a Comunidad |
| 260 | 0 | 3 | |a Buenos Aires, Argentina |b Hvmanitas |c 1986 |
| 300 | |a 240 páginas | ||
| 490 | 0 | |a Teoría y Práctica del Trabajo Social, |v 5 | |
| 583 | |a last modification |c 19980124 00:00:00 |k Rodrigo Vera | ||
| 650 | 0 | |a Comunidades |9 337024 | |
| 650 | 0 | |a Trabajo social |9 307856 | |
| 650 | 0 | |a Acción comunitaria |9 337628 | |
| 942 | |c BK |2 ddc | ||
| 945 | |d 19980124 00:00:00 |a crobeson | ||
| 952 | |0 0 |1 0 |2 ddc |4 0 |6 361_800000000000000_KIS_1986 |7 0 |8 R |9 297875 |a BIBGIM |b BIBGIM |d 2019-11-20 |i 1938886 |o 361.8 KIS 1986 |p 1938886 |r 2025-01-15 |t 1 |w 2019-11-20 |y BK_R |k SSL | ||